| 000 | 01466cam a2200181 i 4500 | ||
|---|---|---|---|
| 999 |
_c13842 _d13842 |
||
| 020 | _a9781526650344 | ||
| 082 | _aFic M112 2024 | ||
| 100 | 1 | _aMaas, Sarah J. | |
| 245 | 1 | 0 |
_aHouse of flame and shadow / _cby Sarah J. Maas. |
| 260 |
_aNew York : _bBloomsbury Publishing, _cc2024. |
||
| 300 | _a835 p. | ||
| 490 |
_aCrescent City _v2 |
||
| 520 |
_a"Bryce Quinlan never expected to see a world other than Midgard, but now that she has, all she wants is to get back. Everything she loves is in Midgard: her family, her friends, her mate. Stranded in a strange new world, she's going to need all her wits about her to get home again. And that's no easy feat when she has no idea who to trust. Hunt Athalar has found himself in some deep holes in his life, but this one might be the deepest of all. After a few brief months with everything he ever wanted, he's in the Asteri's dungeons again, stripped of his freedom and without a clue as to Bryce's fate. He's desperate to help her, but until he can escape the Asteri's leash, his hands are quite literally tied. In this sexy, breathtaking sequel to the #1 bestsellers House of Earth and Blood and House of Sky and Breath, Sarah J. Maas's Crescent City series reaches new heights as Bryce and Hunt's world is brought to the brink of collapse-with its future resting on their shoulders"-- _cProvided by publisher. |
||
| 526 | _aFICTION | ||
| 650 | _aFantasy fiction. | ||
| 650 | _aRomance fiction. | ||
| 942 |
_2ddc _cBK |
||